000 00428nam a2200181Ia 4500
001 18527
005 20260306171637.0
008 260306s9999||||xx |||||||||||||| ||und||
041 _aESP
082 _a658.4063
_bF42
100 _aFernández Sánchez, Esteban
_eAUT
245 0 _aEstrategia de innovación
260 _c2005
300 _a615 páginas :
_c
650 _aGEN
654 _aCAN
942 _cLIB
_dJUS
_fJUS
_2ddc
_n
999 _c18527
_d18527